عرض عادي
عرض مارك
- الإشراف التربوي.
مدخل مصطلح موضوعي
001 - رقم الضبط
- حقل الضبط: 12500
003 - معرف رقم الضبط
- حقل الضبط: OSt
005 - تاريخ ووقت أخر عملية
- حقل الضبط: 20120507155449.0
008 - عناصر بيانات ثابتة الطول
- حقل تحكم ثابت الطول: 120507|||a|||||| | ||| d
040 ## - مصدر الفهرسة
- هيئة الفهرسة الأصلية: OSt
- وكالة الكتابة: OSt
150 ## - مدخل-- مصطلح تاريخي
- عنصر مدخل المصطلح الموضوعي او الاسم الجغرافي: الإشراف التربوي.
670 ## - بيانات المصدر موجوده
- الاستشهاد بالمصدر: Work cat.: (OSt): السخني، حسين عبد الرحمن. 12498, الإشراف التربوي :, 2012.
